000 00419nam a2200181Ia 4500
001 1219
008 140313s9999 xx 000 0 und d
020 _a712110402
040 _cPK-LaUMT
082 _a 519.53
_bHAR-S
100 _aW.M.Harper
245 _aStatistics
_cW.M.Harper
250 _a6th
260 _aLondon, UK:
_bEnglish Language Book Society,
_c1991.
300 _a501 p.
546 _aEN
942 _cBK
999 _c1528
_d1528